00337nam a2200121 450000500170000002000180001708400250003510000240006024500560008426000440014094200120018499900190019620260119142454.0 a9781647404956 2Colon Classification aJackson, John98260 aAdvances in Gene Function Prediction/cJohn Jackson aUSA:bSyrawood Publishing House,c2025. 2ddccBK c755238d755238